| 000 | 00709cam a2200241 4500 | ||
|---|---|---|---|
| 008 | 000000n2002 000 0 eng u | ||
| 020 | _a1860815294 | ||
| 035 | _a(Sirsi) u119798 | ||
| 041 | _aeng | ||
| 050 | _a693.5 | ||
| 110 | _aBuilding Research Establishment | ||
| 245 | _aMinimising the risk of alkali-silica reaction: alternative methods | ||
| 260 |
_aLondon _bCRC Ltd _c2002 |
||
| 300 |
_a8p. _bill. _c30cm. |
||
| 490 |
_aBRE Information Paper _v1/02 |
||
| 520 | _aSupplements the guidance given in BS 5328: Part 2, Digest 330, and TR 30. | ||
| 650 | _aALKALI | ||
| 650 | _aALKALI SILICA REACTION | ||
| 650 | _aCEMENT | ||
| 650 | _aCONCRETE | ||
| 690 | _aBUILT ENVIRONMENT | ||
| 942 | _n0 | ||
| 999 |
_c102401 _d102401 |
||